000 00465nam a22001817a 4500
005 20240902132043.0
008 240902b |||||||| |||| 00| 0 eng d
020 _a978-1-265-21336-7
041 _aeng
082 _a612.044 BEA
100 _aBEAM, WILLIAM C. AND ADAMS, GENE M.
_98491
245 _aEXERCISE PHYSIOLOGY: LABORATORY MANUAL
250 _a9TH ED.
260 _aNEW YORK
_bMC GRAW HILL
300 _a339;P
650 _aBMLT
_98487
942 _cBK
999 _c8623
_d8621